000
00300nam a22001337a 4500
003
OSt
005
20220131151545.0
008
220131b |||||||| |||| 00| 0 eng d
040
_c
H U
082
_a
621.38159
100
_a
Godse A. P.
_9
24273
245
_a
Digital Electronics
942
_2
ddc
_c
BOOKS
_n
0
999
_c
28586
_d
28586